<?xml version="1.0" encoding="UTF-8"?>
<record
    xmlns:xsi="http://www.w3.org/2001/XMLSchema-instance"
    xsi:schemaLocation="http://www.loc.gov/MARC21/slim http://www.loc.gov/standards/marcxml/schema/MARC21slim.xsd"
    xmlns="http://www.loc.gov/MARC21/slim">

  <leader>01034nam a22002057a 4500</leader>
  <controlfield tag="003">BDDh-ASL</controlfield>
  <controlfield tag="005">20231015031230.0</controlfield>
  <controlfield tag="008">230317s2013    b  ||||| |||| 00| 0 b   d</controlfield>
  <datafield tag="040" ind1=" " ind2=" ">
    <subfield code="a">BDDh-ASL</subfield>
    <subfield code="c">BDDh-ASL</subfield>
  </datafield>
  <datafield tag="041" ind1=" " ind2=" ">
    <subfield code="a">ben</subfield>
  </datafield>
  <datafield tag="082" ind1=" " ind2=" ">
    <subfield code="a">954.3058</subfield>
    <subfield code="b">ALA</subfield>
  </datafield>
  <datafield tag="100" ind1="1" ind2=" ">
    <subfield code="a">&#x986;&#x9B2;&#x9AE;, &#x9AE;&#x9CB;&#x9B9;&#x9BE;&#x9AE;&#x9CD;&#x9AE;&#x9A6; &#x9AE;&#x9BE;&#x9B9;&#x9AC;&#x9C1;&#x9AC;</subfield>
    <subfield code="9">6249</subfield>
  </datafield>
  <datafield tag="245" ind1="1" ind2="0">
    <subfield code="a">&#x986;&#x9A6;&#x9BF; &#x9A2;&#x9BE;&#x995;&#x9BE;&#x9B0; &#x986;&#x9A6;&#x9BF;&#x9AC;&#x9BE;&#x9B8;&#x9C0; &#x9AC;&#x9BF;&#x9B2;&#x9C1;&#x9AA;&#x9CD;&#x9A4;&#x9AA;&#x9CD;&#x9B0;&#x9BE;&#x9AF;&#x9BC; &#x989;&#x9B0;&#x9CD;&#x9A6;&#x9C1;&#x9AD;&#x9BE;&#x9B7;&#x9BE; &#x993; &#x9B8;&#x982;&#x9B8;&#x9CD;&#x995;&#x9C3;&#x9A4;&#x9BF; : </subfield>
    <subfield code="b">&#x9B8;&#x9AE;&#x9AF;&#x9BC;&#x995;&#x9BE;&#x9B2; &#x9E7;&#x9EF;&#x9ED;&#x9E7; &#x9AA;&#x9B0;&#x9CD;&#x9AF;&#x9A8;&#x9CD;&#x9A4; / </subfield>
  </datafield>
  <datafield tag="246" ind1=" " ind2=" ">
    <subfield code="a">Adi Dhakar Adibasi/Adivasi Biluptopry Urduvasa O Songskriti by Mohammad Mahbub Alam </subfield>
  </datafield>
  <datafield tag="260" ind1=" " ind2=" ">
    <subfield code="a">&#x9A2;&#x9BE;&#x995;&#x9BE; : </subfield>
    <subfield code="b">&#x9B6;&#x9C1;&#x9AC;&#x9B0;&#x9CD;&#x9A3;, </subfield>
    <subfield code="c">2013. </subfield>
  </datafield>
  <datafield tag="300" ind1=" " ind2=" ">
    <subfield code="a">128 p. : </subfield>
    <subfield code="c">22 cm. </subfield>
  </datafield>
  <datafield tag="650" ind1=" " ind2="0">
    <subfield code="a">&#x986;&#x9A6;&#x9BF;&#x9AC;&#x9BE;&#x9B8;&#x9C0;, &#x100;dib&#x101;s&#x12B; , Aboriginal People, Adibasi, Adivasi, Tribal, Tribe, &#x989;&#x9AA;&#x99C;&#x9BE;&#x9A4;&#x9BF;, Upaj&#x101;ti</subfield>
    <subfield code="z">Bangladesh (&#x9AC;&#x9BE;&#x982;&#x9B2;&#x9BE;&#x9A6;&#x9C7;&#x9B6;)</subfield>
    <subfield code="9">5825</subfield>
  </datafield>
  <datafield tag="651" ind1=" " ind2="0">
    <subfield code="a">Dhaka (&#x9A2;&#x9BE;&#x995;&#x9BE;) Dacca</subfield>
    <subfield code="z">Bangladesh (&#x9AC;&#x9BE;&#x982;&#x9B2;&#x9BE;&#x9A6;&#x9C7;&#x9B6;) </subfield>
    <subfield code="9">4642</subfield>
  </datafield>
  <datafield tag="942" ind1=" " ind2=" ">
    <subfield code="2">ddc</subfield>
    <subfield code="c">BK</subfield>
  </datafield>
  <datafield tag="952" ind1=" " ind2=" ">
    <subfield code="0">0</subfield>
    <subfield code="1">0</subfield>
    <subfield code="2">ddc</subfield>
    <subfield code="4">0</subfield>
    <subfield code="7">0</subfield>
    <subfield code="8">NFIC</subfield>
    <subfield code="a">ASL</subfield>
    <subfield code="b">ASL</subfield>
    <subfield code="c">GEN</subfield>
    <subfield code="d">2023-03-17</subfield>
    <subfield code="e">Amar Ekushey Book Fair 2022</subfield>
    <subfield code="l">0</subfield>
    <subfield code="o">954.3058 ALA</subfield>
    <subfield code="p">119708</subfield>
    <subfield code="r">2023-03-17 00:00:00</subfield>
    <subfield code="t">C-1</subfield>
    <subfield code="w">2023-03-17</subfield>
    <subfield code="y">BK</subfield>
    <subfield code="z">Y-2013</subfield>
  </datafield>
  <datafield tag="999" ind1=" " ind2=" ">
    <subfield code="c">31099</subfield>
    <subfield code="d">31099</subfield>
  </datafield>
</record>
